|
|
|
|
| LEADER |
00000nam a2200000 a 4500 |
| 001 |
vtls001463525 |
| 003 |
SK-MaSNL |
| 005 |
20260302073214.0 |
| 008 |
240314s2002 xo oa g 0 1 0 slo |
| 015 |
|
|
|a SNBA2004/02-01105
|
| 020 |
|
|
|a 8089003184
|
| 035 |
|
|
|a SNK000418830
|
| 035 |
|
|
|a urn:nbn:sk:snk-amyf74
|
| 035 |
|
|
|a urn:nbn:sk:snk-am00chvg
|
| 035 |
|
|
|a 819ACA6B-FA34-43E0-9779-0BDB880DCA19
|
| 040 |
|
|
|a SNK
|b slo
|c SNK
|e AACR2
|
| 041 |
|
|
|a slo
|
| 044 |
|
|
|a xo
|c SK
|
| 072 |
|
7 |
|a 377
|2 konspekt
|
| 080 |
|
|
|a 377:62
|2 2001
|
| 080 |
|
|
|a (075.2)
|2 2001
|
| 080 |
|
|
|a 37.016:62(075.2)
|2 2001
|
| 100 |
1 |
|
|a Krušpán, Ivan
|4 aut
|9 7874
|
| 245 |
1 |
0 |
|a Technická výchova pre 5. až 9. ročník základných škôl
|c Ivan Krušpán a kol. ; [ilustrácie: Peter Semančík, Pavel Čisárik]
|
| 250 |
|
|
|a 2. vyd.
|
| 260 |
|
|
|a Bratislava
|b Expol pedagogika
|c 2002
|
| 300 |
|
|
|a 181 s.
|b Fotogr. Ilustr. Sch. Tab.
|c 30 cm
|
| 504 |
|
|
|a Reg.
|
| 650 |
0 |
7 |
|a technická výchova
|2 SNKPH
|9 3563
|
| 650 |
0 |
7 |
|a odborné vzdelávanie
|2 SNKPH
|9 4335
|
| 655 |
|
7 |
|a učebnice základných škôl
|2 SNKPH
|9 70187
|
| 700 |
1 |
|
|a Semančík, Peter
|4 ill
|9 294102
|
| 700 |
1 |
|
|a Čisárik, Pavel
|4 ill
|9 43302
|
| 919 |
|
|
|a 80-89003-18-4
|
| 968 |
|
|
|d 37
|
| 999 |
|
|
|c 1159876
|d 1161806
|
| 952 |
|
|
|t P60, <03>, [BOOK], {603}
|a SNK
|b SNK
|y PREZ
|7 0
|p 17A0404314
|o snkSB 67619
|i snkKSP 14821/2003
|0 0
|1 0
|4 0
|d 2003-11-20
|f 1
|l 0
|r 2025-04-16 00:00:00
|w 2026-02-24
|
| 952 |
|
|
|t P60, <04>, [BOOK], {604}
|a SNK
|b SNK
|y VYP
|7 0
|p 17A0414134
|o snkSB 67619 D1
|i snkKSP 2032/2004
|0 0
|1 0
|4 0
|d 2004-02-10
|l 0
|r 2005-01-02 00:00:00
|w 2026-02-24
|